000
00227nam a22000857a 4500
008
161031b xxu||||| |||| 00| 0 eng d
100
_9
995
_a
Sehgal.A.
245
_a
Revised Accountancy-XII
260
_a
New Delhi
_b
APC Publications
_c
2012
999
_c
3654
_d
3654